000 00767nam a2200253Ia 4500
003 OSt
005 20220918170923.0
006 a|||||r|||| 00| 0
007 ta
008 220917b |||||||| |||| 00| 0 eng d
020 _a9780816633326 (pbk)
_c1329.3
024 _a263,399
037 _b35677, 04/08/2012, Segment Book Distributors
_cTextual
040 _aARTS
_cARTS
_beng
041 _2eng
_aeng
082 _aQ0aW, N9
100 _aConnolly William E
_932255
245 0 _aWhy I am not a secularist
260 _aLondon
_bUniversity of Minnesota Press UK
_c1999
300 _a210p.
_ccm.
650 _aRELIGION
942 _hQ0aW, N9
_cTEXL
_2CC
999 _c136654
_d136654